| 000 | 00651nam a2200253Ia 4500 | ||
|---|---|---|---|
| 003 | OSt | ||
| 005 | 20250729091929.0 | ||
| 008 | 210210b2019 xxu||||| |||| 00| 0 eng d | ||
| 020 | _a9789352605569 | ||
| 040 | _cAL | ||
| 041 | _aeng | ||
| 082 | _a657.95 MUKC | ||
| 100 |
_aMukherjee Amitabha _9213324 |
||
| 245 | _aCorporate accounting Ed 2 | ||
| 250 | _a2 | ||
| 260 |
_aChennai _bMcGraw Hill Education (India) Private Limited _c2019 |
||
| 300 | _axxi,1418p. | ||
| 650 |
_aCorporate _9213325 |
||
| 650 |
_aaccounting _9213326 |
||
| 690 |
_aAccountancy _9213327 |
||
| 700 |
_aHanif Mohammed _9213328 |
||
| 906 | _a073845 | ||
| 942 |
_2ddc _cREF |
||
| 999 |
_c123592 _d123592 |
||